Simplicity, inference and modeling (Record no. 47087)
[ view plain ]
| 000 -LEADER | |
|---|---|
| fixed length control field | 01275nam a2200337 a 4500 |
| 082 04 - DEWEY DECIMAL CLASSIFICATION NUMBER | |
| Classification number | 117 |
| 245 00 - TITLE STATEMENT | |
| Title | Simplicity, inference and modeling |
| 260 ## - PUBLICATION, DISTRIBUTION, ETC. (IMPRINT) | |
| Place of publication | Cambridge ; |
| -- | New York : |
| Name of publisher | Cambridge University Press, |
| Year of publication | 2001. |
| 300 ## - PHYSICAL DESCRIPTION | |
| Number of Pages | ix, 302 p. |
| 650 #0 - SUBJECT ADDED ENTRY--TOPICAL TERM | |
| Topical Term | Simplicity (Philosophy) |
| Topical Term | Inference. |
| Topical Term | Econometrics. |
| 700 1# - ADDED ENTRY--PERSONAL NAME | |
| Personal name | Zellner, Arnold. |
| Personal name | Keuzenkamp, Hugo A. |
| Personal name | McAleer, Michael. |
| 856 40 - ELECTRONIC LOCATION AND ACCESS | |
| Uniform Resource Identifier | http://site.ebrary.com/lib/rucke/Doc?id=10062693 |
No items available.
